Lengthening Shadows / (Record no. 187399)

000 -LEADER
fixed length control field 00776 a2200169 4500
003 - CONTROL NUMBER IDENTIFIER
control field Nust
005 - DATE AND TIME OF LATEST TRANSACTION
control field 20230406103430.0
040 ## - CATALOGING SOURCE
Transcribing agency Nust
082 ## - DEWEY DECIMAL CLASSIFICATION NUMBER
Classification number 954.1,HUS
100 ## - MAIN ENTRY--PERSONAL NAME
Personal name Hussain, Syed Shabbir
9 (RLIN) 21062
245 ## - TITLE STATEMENT
Title Lengthening Shadows /
Statement of responsibility, etc. Syed Shabbir Hussain
260 ## - PUBLICATION, DISTRIBUTION, ETC.
Place of publication, distribution, etc. Pakistan
Name of publisher, distributor, etc. Mujahid Publication
300 ## - PHYSICAL DESCRIPTION
Extent 215:p
505 ## - FORMATTED CONTENTS NOTE
Formatted contents note Prologue (Page-1), Conceived and Won (Page-7), One Party Rule (Page-15), The Death Row (Page-23), Dark Shadows (Page-30), A Flashback (Page-42), Revolution or Restoration (Page-60), Tight rope Walk (Page-74), The Year 1965 (Page-85), After the War (Page-102), The Axe Falls (Page-115), Pandora box (Page-132), The Disowned Leader (Page-168), Epilogue (Page-177).
650 ## - SUBJECT ADDED ENTRY--TOPICAL TERM
Topical term or geographic name entry element Pakistan History
9 (RLIN) 7198
942 ## - ADDED ENTRY ELEMENTS (KOHA)
Source of classification or shelving scheme
Koha item type Book
Call number prefix 954.1,HUS
Holdings
Withdrawn status Lost status Source of classification or shelving scheme Damaged status Not for loan Collection code Permanent Location Current Location Date acquired Total Checkouts Full call number Barcode Date last seen Price effective from Koha item type
            Military College of Signals (MCS) Military College of Signals (MCS) 12/12/2016   954.1 HUS MCS29568 12/08/2016 12/12/2016 Book
© 2023 Central Library, National University of Sciences and Technology. All Rights Reserved.